Meşk IV uluslararası geleneksel sanat buluşmaları=Traditional art international meetings (Kayıt no. 3383)

MARC ayrıntıları
000 -BAŞLIK
Sabit Uzunlukta Kontrol Alanı 00953na a2200265 4500
001 - KONTROL NUMARASI
Denetim Alanı 21977
003 - KONTROL NUMARASI IDENTIFIER
Denetim Alanı MIRAKIL
005 - SON İŞLEM TARİHİ VE ZAMANI
Denetim Alanı 20181213154929.0
008 - SABİT-BOY VERİ ELEMANLARI - GENEL BİLGİLER
Sabit Uzunlukta Kontrol Alanı 170209b tu 000 0
020 ## - ULUSLARARASI STANDART KİTAP NUMARASI
Uluslararası Standart Kitap Numarası 9786058618664
040 ## - KATALOGLAMA KAYNAK
Orijinal Kataloglama Ajansı Milas
Kataloglama Dili tur
Metne Dönüştürmek Ajansı TR-AnCHP
041 ## - DİL KODU
Metin / Ses Parça Veya Ayrı Başlığın Dil Kodu tur
082 ## - DEWEY ONLU SINIFLANDIRMA NUMARASI
Sınıflandırma Numarası 708
Ürün Numarası U48 2013
090 ## - SINIFLAMA NUMARASI
Sınıflama Numarası 708 U48 2013
111 ## - ANA GİRİŞ - TOPLANTI ADI
Giriş Elemanı Olarak Toplantı Adı Veya Yargı Alanı Adı Meşk IV Uluslararası Geleneksel Sanat Buluşmaları=Traditional Art International Meetings
Toplantının Yeri İstanbul
Toplantı Veya Antlaşma İmzalandığı Tarihi 2013
245 ## - BAŞLIK TABLOSU
Başlık Meşk IV uluslararası geleneksel sanat buluşmaları=Traditional art international meetings
Sorumluluk Tablosu, Vb Küçükçekmece Belediyesi
260 ## - YAYIN, DAĞITIM, VB
Yayın, Dağıtım, Vb Yeri İstanbul
Yayıncı, Dağıtıcı, Vs Adı Küçükçekmece Belediyesi
Yayın, Dağıtım, Vb Tarihi 2013
300 ## - FİZİKSEL TANIM
Kapsam 231 s.
Diğer Fiziksel Ayrıntıları res.
Boyutlar 28x24 sm.
490 ## - SERİSİ TABLOSU
Seri Beyanı Küçükçekmece Belediyesi Kültür Yayınları
Hacim / Ardışık Tanımı 2
650 ## - KONU KATMA GİRİŞ - TOPİKAL DÖNEM
Topikal Süreli Veya Coğrafi Ad Giriş Elemanı Sanat
Genel Alt Bölümü Sergi katalogları
650 ## - KONU KATMA GİRİŞ - TOPİKAL DÖNEM
Topikal Süreli Veya Coğrafi Ad Giriş Elemanı Türk sanatı
Genel Alt Bölümü Toplantılar
650 ## - KONU KATMA GİRİŞ - TOPİKAL DÖNEM
Topikal Süreli Veya Coğrafi Ad Giriş Elemanı Sanat
Genel Alt Bölümü Sergiler
Kronolojik Alt Bölümü Toplantılar
710 ## - KATMA GİRİŞ - KURUMSAL ADI
Giriş Elemanı Olarak Kurumsal Ad Veya Yargı Alanı Adı Küçükçekmece Belediyesi
942 ## - EKLENDİ GİRİŞ ELEMANLARI (KOHA)
Sınıflandırma Veya Raf Düzeni Kaynak Dewey Decimal Classification
Koha Öğesi Türü Kitaplar
999 ## - SİSTEM KONTROL NUMARALARI (KOHA)
Koha Biblionumber 3383
Koha Biblioitemnumber 3383
Mevcut
Kalıcı Konum Mevcut Konum Edinme Tarihi Edinim Kaynak Seri Numaralandırma / Kronolojik Toplam Check-Out'Lar Tam Çağrı Numarası Barkod Tarih Son Görülme İtibaren Geçerli Fiyatlar Koha Öğesi Türü
CHP Kütüphanesi CHP Kütüphanesi 02/09/2017 Bağış c.4   708 U48 2013 012946 02/09/2017 02/09/2017 Kitaplar